Mind Over Matter - Young The Giant - All Lyrics - Statistics

General Stats
  • This quiz has been taken 107 times
  • The average score is 225 of 280
Answer Stats
Answer % Correct
a
100%
I
100%
(I
100%
You
100%
you
100%
the
96%
by
94%
change
94%
I’m
94%
I'm
94%
me?
94%
Mind
94%
mind
94%
to
94%
And
92%
matter
92%
over
92%
seasons
92%
stand
92%
when
92%
Will
92%
it
90%
man
90%
young
90%
your
90%
after
88%
all
88%
All
88%
(All
88%
my
88%
on
88%
‘Cause
86%
'Cause
86%
fall
86%
you're
86%
be
84%
Don’t
84%
don't
84%
if
84%
Does
82%
I’ll
82%
know
80%
of
78%
world
78%
built
76%
us?
76%
any
74%
heavy
74%
L.A.
74%
L.A.)
74%
shakin'
74%
break
72%
New
72%
York
72%
City,
68%
love
68%
subject
68%
that
68%
rains
66%
train
66%
train)
66%
in
64%
In
64%
missed
64%
East
62%
this
58%
watch
58%
watching
58%
it’s
56%
jet
56%
time
56%
tongue
56%
Fly
54%
(Fly
54%
planes
54%
Tokyo
54%
(Tokyo
54%
disaster,
52%
Go
52%
(Go
52%
show
52%
show)
52%
about
50%
closed
50%
closed)
50%
Curtain’s
50%
Curtain's
50%
(Curtain's
50%
big
48%
thinkin'
48%
Taste
46%
her
44%
lights
38%
snows
36%
snows)
36%
tatters
34%
aglow
24%
aglow)
24%
No matching quizzes found
Score Distribution
Percent of People with Each Score
Percentile by Number Answered
Your Score History
You have not taken this quiz